000 01157nam a2200301 i 4500
003 EG-GICUC
005 20260204183807.0
008 260108s1965 |||fr|||| 00| 0 ara d
040 _a EG-GICUC
_bara
_c EG-GICUC
_d EG-GICUC
_erda
041 0 _a Ara
082 0 4 _221
_a343.76759
_bم ن . م
092 0 4 _221
099 _aLaw1 10 343.76759 م ن . م 1965
110 1 _aالمنظمة الدولية العربية للدفاع اجتماعى ضد الجريمة
_eمؤلف.
245 1 0 _aمجموعة قواعد الحد الأدنى لمعاملة المسجونين
264 3 _aالقاهرة :
_bمطابع دار النشر للجامعات المصرية،
_c1965.
300 _a40 صفحة؛
_c24 سم.
336 _2rda content
_atext
337 _2rda media
_aComputer
338 _2rda carrier
_aOnline Resource
546 _aالنص باللغة العربية
650 1 _aوسائل أخرى للمعاملة داخل السجون
_2qrmak
650 1 _aالقانون الجنائى
_2qrmak
651 1 _2qrmak
856 4 0 _uhttps://fll.law.cu.edu.eg/fulltext/bks/B10-07719.pdf
905 _a54
942 _2ddc
_cBK
_e21
_n0
999 _c55668
_d55668